Celebrities by State - Statistics

General Stats
  • This quiz has been taken 11 times
  • The average score is 15 of 50
Answer Stats
Celebrity State % Correct
Michael Jackson Indiana
100%
Bruce Springsteen New Jersey
75%
Jay-Z New York
75%
Katy Perry California
63%
Ariana Grande Florida
63%
Bruno Mars Hawaii
63%
Madonna Michigan
63%
Prince Minnesota
63%
Miley Cyrus Tennessee
63%
Beyoncé Texas
63%
Johnny Cash Arkansas
50%
Taylor Swift Pennsylvania
50%
Channing Tatum Alabama
38%
Tim Allen Colorado
38%
Ryan Seacrest Georgia
38%
Harrison Ford Illinois
38%
Matt Damon Massachusetts
38%
Steve Harvey West Virginia
38%
Joshua Morrow Alaska
25%
Emma Stone Arizona
25%
Michael Bolton Connecticut
25%
Aaron Paul Idaho
25%
Ashton Kutcher Iowa
25%
Ellen DeGeneres Louisiana
25%
Michael Phelps Maryland
25%
Eminem Missouri
25%
Michelle Williams Montana
25%
Neil Patrick Harris New Mexico
25%
Wiz Khalifa North Dakota
25%
Carrie Underwood Oklahoma
25%
Brock Lesnar South Dakota
25%
Jimi Hendrix Washington
25%
Aubrey Plaza Delaware
13%
George Clooney Kentucky
13%
Anna Kendrick Maine
13%
Oprah Winfrey Mississippi
13%
Sarah Jessica Parker Ohio
13%
River Phoenix Oregon
13%
Sandra Bullock Virginia
13%
Jackson Pollock Wyoming
13%
Janelle Monáe Kansas
0%
Marlon Brando Nebraska
0%
Matthew Gray Gubler Nevada
0%
Mandy Moore New Hampshire
0%
Julianne Moore North Carolina
0%
Viola Davis Rhode Island
0%
Chris Rock South Carolina
0%
Jewel Utah
0%
JoJo Vermont
0%
Gene Wilder Wisconsin
0%
No matching quizzes found
Score Distribution
Percent of People with Each Score
Percentile by Number Answered
Your Score History
You have not taken this quiz